000 00928cam a2200313 a 4500
999 _c522678
_d522678
001 4326036
003 NUST
005 20181229105516.0
008 880310s1988 ii b 001 0 eng
010 _a 87905223
020 _a817045025X :
_cRs180.00
025 _aI E 56216
038 _awaseem
040 _aDLC
_cDLC
_dDLC
_dOCoLC
043 _aa-pk---
050 0 0 _aJQ552.Z1
_bC54 1988
082 0 0 _a350.5491
_bCHO
100 1 _aChowdhury, Mustafa,
_d1942-
_912817
245 1 0 _aPakistan, its politics and bureaucracy /
_cMustafa Chowdhury.
260 _aNew Delhi :
_bAssociated Pub. House,
_cc1988.
300 _a244 p. ;
_c23 cm.
500 _aIncludes index.
504 _aBibliography: p. [219]-236.
650 0 _aBureaucracy
_zPakistan.
_912818
651 0 _aPakistan
_xPolitics and government.
_9206
906 _a7
_bcbc
_corignew
_d3
_encip
_f19
_gy-gencatlg
942 _2ddc
_cBK